MDQL
is popping MORE tags! Check the
thread
!
Quizzes
Events
Quiz Creation
Community
Videos
Private Events
Remove Ads
Sign In
Join for FREE
Feedback
Dark Mode
Quiz Categories
Sports
Geography
Music
Movies
Television
Just For Fun
Miscellaneous
History
Literature
Language
Science
Gaming
Entertainment
Religion
Holiday
For Kids
Quiz Lab
Recent
Popular Today
Quiz Kudos Today
Editor Picks
Curator Picks
Quizzes by...
Day
Popularity
Type
Ratings
Length
Year
Community
Subscriptions
Recent Discussions
Orange Saloon
Badges
Playlists
Quests
Create
Leaderboards
Showdown
Live 5
Trivia Bingo
Activity
Puzzle Library
Sporcle Events
Private Events
Virtual Trivia
Globe League
Become a Host
Pub Owners
SporcleCon
Opinionation
Our Games
Videos
Blog
Mobile Apps
Partnerships
Remove Ads and Go Orange
Feedback
Music
Pop Music
The Beatles
Song
Album
Lyrics
Bands
Singers
Artist
Clip
Rock
Rap
Classical
Billboard
Country Music
Kpop
Taylor Swift
Music
Pop Music
The Beatles
Song
Album
Lyrics
Bands
Singers
Artist
Clip
Rock
Rap
Classical
Billboard
Country Music
Kpop
Taylor Swift
Random Quiz
Search Sporcle
×
Quiz Lab
Quiz Lab
Music
Album
Type in answers that appear in a list
Type in answers that appear in a list
Classic
Best Score? Go Orange.
My Top 100 Albums Stats
Can you name the 100 best albums of all time, as ranked by....me?
By
Manomet
10m
100 Questions
183 Plays
183 Plays
183 Plays
Comments
Comments
Give Quiz Kudos
Give Quiz Kudos
-
- Ratings
hide this ad
Replay
Link that replays current quiz
Next Quiz
Link to next quiz in quiz playlist
You Got
0%
They Got
Avg Score
55%
Avg Friend Score
Upgrade to see
Score Distribution
Jump to the score distribution portion of the page
Score
0/100
Timer
10:00
0
Plays Today
Artist
Album
% Correct
Nirvana
Nevermind
90.2%
The Beatles
Sgt. Pepper's Lonely Hearts Club Band
89.1%
The Clash
London Calling
88%
The Beatles
Abbey Road
84.7%
Led Zeppelin
Led Zeppelin II
83.6%
The Rolling Stones
Exile on Main Street
82%
Bruce Springsteen
Born in the U.S.A.
82%
The Beach Boys
Pet Sounds
82%
Bruce Springsteen
Born to Run
82%
Prince & the Revolution
Purple Rain
82%
Bob Dylan
Blood on the Tracks
81.4%
Bob Dylan
Blonde on Blonde
81.4%
The Jimi Hendrix Experience
Are You Experienced
80.3%
Joni Mitchell
Blue
79.8%
David Bowie
The Rise and Fall of Ziggy Stardust and the Spiders from Mars
79.8%
The Velvet Underground
The Velvet Underground & Nico
79.2%
Paul Simon
Graceland
79.2%
Sex Pistols
Never Mind the Bollocks, Here's the Sex Pistols
78.1%
Led Zeppelin
Untitled
78.1%
Bob Dylan
Highway 61 Revisited
78.1%
The Beatles
The Beatles
76.5%
The Clash
The Clash
73.8%
Radiohead
Kid A
73.2%
Derek and the Dominos
Layla & Other Assorted Love Songs
73.2%
Marvin Gaye
What's Going On
72.1%
The Band
The Band
70.5%
Patti Smith
Horses
69.4%
The Beatles
Rubber Soul
69.4%
Public Enemy
It Takes a Nation of Millions to Hold us Back
68.9%
David Bowie
Low
68.3%
Miles Davis
Kind of Blue
66.7%
Arcade Fire
Funeral
65.6%
The Replacements
Let it Be
65%
Pixies
Doolittle
63.9%
Artist
Album
% Correct
Simon & Garfunkel
Bridge Over Troubled Water
62.8%
Sonic Youth
Daydream Nation
62.3%
David Bowie
Hunky Dory
62.3%
David Bowie
'Heroes'
61.7%
Joy Division
Unknown Pleasures
60.7%
Miles Davis
Bitches Brew
60.7%
Prince
Sign 'o' the Times
59.6%
The Strokes
Is This It
59%
The Rolling Stones
Beggar's Banquet
58.5%
Television
Marquee Moon
58.5%
Prince
1999
57.9%
John Coltrane
A Love Supreme
57.4%
Neil Young
After the Gold Rush
57.4%
Beastie Boys
Paul's Boutique
57.4%
Lou Reed
Transformer
56.8%
OutKast
Stankonia
56.3%
Nas
Illmatic
56.3%
Blondie
Parallel Lines
54.6%
Elvis Costello
My Aim is True
53.6%
John Lennon
John Lennon/Plastic Ono Band
53%
Van Morrison
Moondance
51.9%
Nick Drake
Pink Moon
51.4%
Beastie Boys
Licensed to Ill
51.4%
David Bowie
Aladdin Sane
51.4%
Nine Inch Nails
The Downward Spiral
50.8%
The Notorious B.I.G.
Ready to Die
50.8%
Johnny Cash
At Folsom Prison
50.8%
Ramones
Rocket to Russia
50.8%
Arcade Fire
Neon Bible
50.3%
Love
Forever Changes
49.2%
Kanye West
My Beautiful Dark Twisted Fantasy
49.2%
Neutral Milk Hotel
In the Aeroplane Over the Sea
48.1%
Bob Dylan
Bringing it All Back Home
47.5%
Kraftwerk
Trans-Europe Express
47%
Artist
Album
% Correct
Bruce Springsteen
The River
47%
Kanye West
Late Registration
46.4%
Elvis Costello & the Attractions
This Year's Model
45.4%
The Jesus and Mary Chain
Psychocandy
44.8%
New York Dolls
New York Dolls
44.8%
DJ Shadow
Endtroducing.....
44.3%
Neil Young & Crazy Horse
Rust Never Sleeps
43.7%
David Bowie
Station to Station
43.7%
Tom Waits
Rain Dogs
43.7%
Bob Dylan and the Band
The Basement Tapes
42.1%
Massive Attack
Blue Lines
42.1%
The Replacements
Tim
41.5%
The Zombies
Odessey and Oracle
39.9%
The Stooges
Fun House
38.3%
The Velvet Underground
Loaded
38.3%
Dusty Springfield
Dusty in Memphis
38.3%
M.I.A.
Kala
36.1%
Rod Stewart
Every Picture Tells a Story
35%
The Magnetic Fields
69 Love Songs
33.3%
Iggy Pop
The Idiot
33.3%
Bob Dylan
Modern Times
31.1%
Belle and Sebastian
If You're Feeling Sinister
29.5%
Yeah Yeah Yeahs
Fever to Tell
28.4%
PJ Harvey
Stories from the City, Stories from the Sea
27.9%
Joni Mitchell
Court and Spark
26.8%
Brian Eno
Another Green World
26.8%
Bob Dylan
'Love & Theft'
25.1%
Richard & Linda Thompson
Shoot Out the Lights
23%
Charles Mingus
The Black Saint and the Sinner Lady
21.9%
Minutemen
Double Nickels on the Dime
21.3%
Deafheaven
Sunbather
17.5%
Rod Stewart
Never a Dull Moment
4.9%
Quiz Playlist
Details
Report
Send in Message
Add To Playlist
Classic:
Type in answers that appear in a list
Last Updated: Feb 16, 2017
Quiz Scoreboard
CHALLENGE
Sign Up to Join the Scoreboard
Show All
Scores
Hide
Comments
May contain spoilers
Recently Published
5x2 Blitz: Bands
by SL_Kpop136
Music
30s
Colored Red Africa Blitz
by spor1
Geography
30s
Find the 'City' Movie
by crazypaving
Movies
60s
More to Explore
Quiz From the Vault
Featured Blog Post
14 Easter Pick-up Lines to Find Eggs With
hide this ad
You Might Also Like...
Tags
Album Quiz
Rap Quiz
Rock Quiz
100 Greatest
Favorite
greatest
Greatest Albums
Rap Albums
Top 100
Today's Top Quizzes in Music
Browse Music
hide this ad
Today's Top Quizzes in Album
Browse Album
Top Contributed Quizzes in Music
1
5X2 Blitz: Bands II
2
Taylor Swift All Songs (2024)
3
Taylor Swift Logic Puzzle II
4
5X2 Blitz: The Beatles
5
5X2 Blitz: Billboard
6
Taylor Swift Logic Puzzle
7
5X2 Blitz: Billboard II
8
5X2 Blitz: Album
9
5X2 Blitz: Singers
10
Music Artist by Three 2010s hits
Explore More
Trending Topics
Disney
NBA
Kpop
Harry Potter
Marvel
Crossword
Anime
Puzzle
Soccer
Song
Pokémon
NFL
Country
WWE
The Office
hide this ad
More By:
Manomet
Quiz
Plays
Rating
Category
Featured
Created
'Blood on the Tracks' songs
360
5.00
Music
Mar 19, 2013
Songs on Daydream Nation
257
4.83
Music
Jun 28, 2011
My Top 100 Albums
183
2.60
Music
Aug 28, 2013
UK 2010 Album Cover Stamps
80
1.00
Music
Jan 9, 2010
Let it Be (Replacements) Track Listing
37
5.00
Music
Jun 28, 2011
Go to Creator's Profile
Score Distribution
Quiz Creator Spotlight
Manomet
Follow
Send a Message
Quizzes Created
-
Created Quiz Play Count
-
More By This Creator
Popular Quizzes Today
1
Find the 'City' Movie
2
Colored Red Africa Blitz
3
Find the US States - No Outlines Minefield
4
5x2 Blitz: Bands
5
The Countries of the World
6
Find the US States
7
US States
8
9x9 Crossword: Cartoon Network
More Music Quizzes
K-pop Songs of 2020 [audio]
Quiz Lab
Trending Quizzes
Colored Red Europe Blitz I
Colored Red Africa Blitz II
Colored Red Europe Blitz II
Colored Red Africa Blitz III
Colored Red Europe Blitz III
Recently Updated
2024 March Madness Bracket
pecheneg
Famous TV Couples
Peacemaker
Champions League XIs: Real Madrid
pecheneg
Largest US Cities 1790-2010
pecheneg
Rides in Walt Disney World
pecheneg
Most Oscar Losses (Acting)
pecheneg
Beyoncé Albums
pecheneg
Leaping Animals
pecheneg
Reality TV Shows (A-Z)
bhenderson79
Rickey Henderson's Hall of Fame Teammates
pecheneg
Trending Topics
Crossword
NBA
Disney
Anime
Kpop
Marvel
Harry Potter
Puzzle
Pokémon
NFL
Song
Country
Soccer
WWE
The Office
Your Account Isn't Verified!
In order to create a playlist on Sporcle, you need to verify the email address you used during registration. Go to your
Sporcle Settings
to finish the process.
Report this User
Report this user for behavior that violates our
Community Guidelines
.
Details:
Send Report
Go to the Sporcle.com Mobile Site →
Comments